书目信息 |
| 题名: |
材料力学
|
|
| 作者: | 张流芳 主编 | |
| 分册: | ||
| 出版信息: | 武汉 武汉工业大学出版社 2002.01 |
|
| 页数: | 251页 | |
| 开本: | 26cm | |
| 丛书名: | ||
| 单 册: | ||
| 中图分类: | TU501 | |
| 科图分类: | ||
| 主题词: | 建筑材料 | |
| 电子资源: | ||
| ISBN: | 7-5629-1770-1 | |
| 000 | 00561nam0 2200205 45 | |
| 001 | 0257864453 | |
| 005 | 20120408095113.92 | |
| 010 | @a7-5629-1770-1@dCNY 16.00 | |
| 100 | @a20020408d2002 km y0chiy0120 ea | |
| 101 | 0 | @achi |
| 102 | @aCN@b420000 | |
| 200 | 1 | @a材料力学@Acai liao li xue@f张流芳主编@FZhang Liu Fang Zhu Bian |
| 205 | @a2版 | |
| 210 | @a武汉@c武汉工业大学出版社@d2002.01 | |
| 215 | @a251页@d26cm | |
| 606 | 0 | @a建筑材料 |
| 690 | @aTU501@v3 | |
| 701 | 0 | @a张流芳@AZhang Liu Fang@4主编 |
| 801 | 0 | @aCN@bPFT@c20050111 |
| 905 | @a10447@dTU501@eZ131 | |
| 材料力学/张流芳主编.-2版.-武汉:武汉工业大学出版社,2002.01 |
| 251页;26cm |
| ISBN 7-5629-1770-1:CNY 16.00 |
| ● |
| 相关链接 |
|
|
|
正题名:材料力学
索取号:TU501/Z131
 
预约/预借
| 序号 | 登录号 | 条形码 | 馆藏地/架位号 | 状态 | 备注 |
| 1 | 356351 | 203563517 | 建筑库201/201建筑库 5排1列2层/ [索取号:TU501/Z131] | 在馆 | |
| 2 | 356352 | 203563526 | 建筑库201/ [索取号:TU501/Z131] | 在馆 | |
| 3 | 436002 | 204360020 | 建筑库201/ [索取号:TU501/Z131] | 在馆 | |
| 4 | 436003 | 204360039 | 建筑库201/201建筑库 5排1列2层/ [索取号:TU501/Z131] | 在馆 | |
| 5 | 436004 | 204360048 | 建筑库201/201建筑库 5排1列2层/ [索取号:TU501/Z131] | 在馆 | |
| 6 | 485907 | 204859073 | 土木与交通工程学院资料室/ [索取号:TU501/Z131] | 在馆 |